02046nam a22004697a 4500003000900000005001700009008004100026020001800067040002800085041000800113044000700121100002600128245005800154250001200212260003700224300002800261505001100289505002800300505004600328505003200374505007600406505006500482505003000547505005700577505007100634505004600705505005700751505003400808505003900842505006100881520034100942650002701283650002001310650001801330908000801348930001001356942001301366945001501379980004301394999001701437952012201454AR-RoUNA20250911114413.0250508b |||||||| |||| 00| 0 spa d a987-22621-3-6 aAR-RoUNAbspadAR-RoUNA aspa aag aLoomis, Andrew92713313aEl dibujo de figura en todo su valor /cAndrew Loomis a1a. ed. aBuenos Aires :bLancelot,c2005. a208 p.:bdib.c30x22 cm0 tINDICE0 tCHARLA PRELIMINAR. p.150 tI- INTRODUCCION AL DIBUJO DE FIGURA. p.210 tII- HUESOS Y MUSCULOS. p.570 tIII- EMBLOCAMIENTO DE FORMAS, PLANOS, ESCORZAMIENTO E ILUMINACION. p.680 tIV- DIBUJANDO LA FIGURA VIVA: METODOS DE PRECESAMIENTO. p.820 tV- LA FIGURA DE PIE. p.910 tVI- LA FIGURA EN ACCION: GIROS Y CONTORSIONES. p.1030 tVII- MOVIMIENTO DE AVANCE: LA LINEA DE EQUILIBRIO INCLINADA. p.1150 tVIII- EQUILIBRIO, RITMO, EJECUCION. p.1290 tIX- LA FIGURA ARRODILLADA, AGACHADA Y SENTADA. p.1450 tX- LA FIGURA RECLINADA. p.1590 tXI- LA CABEZA, MANOS Y PIES. p.1710 tXII- LA FIGURA COMPLETA CON INDUMENTARIA ESPECIAL. p.1890 a"El Dibujo de Figura en Todo su Valor" de Andrew Loomis, es un documento de referencia para artistas y estudiantes de arte que buscan mejorar sus habilidades en el dibujo de figuras humanas. El libro explora los principios fundamentales de la construcción de figuras, incluyendo proporciones, perspectiva, anatomía y composición. 4 aDibujosvIlustraciones4 aFiguras humanas4 aExpresionismo aImp e12196 2ddccLIB d2025-05-08 65aMaría Machado85gMaría Machado c12109d12109 00102udc4070aAR-RoUNAbAR-RoUNAcDiseño Gráfico - Salad2025-09-11eDonl0o743:72 L863p18369tej. 2yLIBx